Caricamento...
Hazari Prasad Dwivewdi/
| Autore principale: | |
|---|---|
| Natura: | Printed Book |
| Pubblicazione: |
Noida:
Mayoor Paperbacks,
2002.
|
| LEADER | 00385 a2200109 4500 | ||
|---|---|---|---|
| 100 | |a Vishwanad Prasad Tiwari | ||
| 245 | |a Hazari Prasad Dwivewdi/ |c Vishwanad Prasad Tiwari | ||
| 260 | |a Noida: |b Mayoor Paperbacks, |c 2002. | ||
| 300 | |a 230p. | ||
| 942 | |2 ddc |c BK | ||
| 999 | |c 237365 |d 237365 | ||
| 952 | |0 0 |1 0 |2 ddc |4 0 |6 S_40 |7 0 |9 263601 |a HIN |b HIN |c ST1 |d 2011-06-02 |i 21178 |l 0 |o S-40 |p HIN21178 |r 2014-02-07 |w 2014-02-07 |y BK | ||